Novodobé materiály pre balenie potravín

Na minha lista:
Detalhes bibliográficos
Autor principal: Rago, Ljudmila (Author)
Outros Autores: Sekretár, Stanislav (Thesis advisor)
Formato: Manuscrito Livro
Idioma:eslovaco
Publicado em: 2019
Assuntos:
Acesso em linha:http://is.stuba.sk/zp/portal_zp.pl?podrobnosti=132845
Tags: Adicionar Tag
Sem tags, seja o primeiro a adicionar uma tag!

MARC

LEADER 00000ntm a22000003a 4500
001 stuzp74750
003 SK-STU
005 20190622212154.5
007 ta
008 150427s2015----xo-----f-mn---000-0-slo-d
040 |a STU  |b slo 
041 0 |a slo 
100 1 |a Rago, Ljudmila  |u 040200  |4 aut  |U FCHPT Fakulta chemickej a potravinárskej technológie  |T FCHPT Ústav potravinárstva a výživy  |X 82211  |U C020  |Y 684  |7 82211 
242 0 1 |a New Food Materials for Food Packaging  |y eng 
245 1 0 |a Novodobé materiály pre balenie potravín 
260 |c 2019 
650 4 |a balenie potravín  |2 slo 
650 4 |a nanomateriály  |2 slo 
650 4 |a nanokompozity  |2 slo 
650 4 |a anorganické nanočastice  |2 slo 
650 4 |a organické nanočastice  |2 slo 
650 4 |a antimikrobiálna aktivita  |2 slo 
650 4 |a biodegradácia  |2 slo 
650 4 |a migrácia  |2 slo 
650 4 |a food packaging  |2 eng 
650 4 |a nanomaterials  |2 eng 
650 4 |a nanocomposites  |2 eng 
650 4 |a inorganic nanoparticles  |2 eng 
650 4 |a organic nanoparticles  |2 eng 
650 4 |a antimicrobial activity  |2 eng 
650 4 |a biodegradation  |2 eng 
650 4 |a migration  |2 eng 
700 1 |a Sekretár, Stanislav  |u 040250  |k Z1  |4 ths  |U FCHPT Ústav potravinárstva a výživy  |T FCHPT Oddelenie potravinárskej technológie  |X 3348  |U C0250  |Y 685  |7 A000003348 
856 4 |u http://is.stuba.sk/zp/portal_zp.pl?podrobnosti=132845